MARC

LEADER 00000nab a2200000 ar4500
001 vtls009005777
003 SK-MaSNL
005 20260303065711.0
008 070709c2007 xo wr|p|||||||000 b|slo
038 |a PPPK 
040 |a PPPKCL  |b slo  |c PPPK  |e AACR2 
041 0 |a slo 
044 |a xo  |c SK 
080 |a 796.6.093  |2 1997 
245 0 0 |a K-T-K pre Bártu  |c [autor] (jam) 
611 2 7 |a Košice-Tatry-Košice  |g cyklistické preteky  |d (  |c Vysoké Tatry, Slovensko)  |2 pppkcl  |9 168636 
648 7 |a 2007  |2 pppkcl  |9 313226 
650 0 7 |a cyklistika  |2 pppkcl  |9 3263 
650 0 7 |a cyklistické preteky  |2 pppkcl  |9 69581 
651 7 |a Košice (Slovensko)  |2 pppkcl  |9 18694 
651 7 |a Starý Smokovec (Vysoké Tatry, Slovensko)  |2 pppkcl  |9 160864 
773 0 |t Poprad : noviny občanov mesta  |g Roč. XVIII, č. 43 (2007), s. 4 
852 |a PPPK  |b KIS3GCP 
999 |c 1752279  |d 1754209